| 000 | 00620nam a2200205 a 4500 | ||
|---|---|---|---|
| 001 | 000024135 | ||
| 005 | 20240412074251.0 | ||
| 008 | 090915s1993 dr 001 0 spa d | ||
| 020 | _a848954607X | ||
| 040 |
_aDO-SdBNP _bspa _cBNPHU |
||
| 082 |
_aRD861.44 _bM351le |
||
| 100 | 1 |
_aMármol, José, _d1960- _96454 |
|
| 245 | 1 | 0 |
_aLengua de paraíso poemas / _cJosé Mármol. |
| 260 |
_aSanto Domingo : _bAmigo del Hogar, _c1993. |
||
| 300 |
_a76 p. ; _c22 cm. |
||
| 500 | _aIncluye datos biográficos del autor en la solapa. | ||
| 650 | 0 |
_aPoesía dominicana _966 |
|
| 650 | 0 |
_aLiteratura dominicana. _967 |
|
| 049 | _aBNPD | ||
| 999 |
_c23629 _d23629 |
||